Talks By Nirodbaran/ (Record no. 215960)
[ view plain ]
| 000 -LEADER | |
|---|---|
| fixed length control field | 00616nam a22002057a 4500 |
| 005 - DATE AND TIME OF LATEST TRANSACTION | |
| control field | 20260421105947.0 |
| 010 ## - LCCN (DPL NO) | |
| LC control number | ENG-148256 |
| 020 ## - INTERNATIONAL STANDARD BOOK NUMBER | |
| Terms of availability | 260.00 |
| International Standard Book Number | 9789352102396 |
| 035 ## - SYSTEM CONTROL NUMBER | |
| System control number | EN-131788 |
| 037 ## - SOURCE OF ACQUISITION | |
| Source of stock number/acquisition | DBAD |
| 082 ## - DEWEY DECIMAL CLASSIFICATION NUMBER | |
| Classification number | 181.499 |
| 245 ## - TITLE STATEMENT | |
| Title | Talks By Nirodbaran/ |
| Statement of responsibility, etc | Edited by Sunayana [and] Maurice |
| 260 ## - PUBLICATION, DISTRIBUTION, ETC. (IMPRINT) | |
| Place of publication, distribution, etc | Pondicherry |
| Name of publisher, distributor, etc | Sri Aurobindo Ashram |
| Date of publication, distribution, etc | 2021 |
| 270 ## - ADDRESS | |
| Address | Sri Aurobindo Ashram |
| City | Pondicherry |
| Postal code | 605002 |
| 300 ## - PHYSICAL DESCRIPTION | |
| Extent | 289p. |
| Dimensions | 22cm(Pb) |
| 500 ## - GENERAL NOTE | |
| General note | August 1970-March 1971 |
| 700 ## - ADDED ENTRY--PERSONAL NAME | |
| Personal name | Sunayana |
| Relator term | Editor |
| 9 (RLIN) | 88971 |
| 700 ## - ADDED ENTRY--PERSONAL NAME | |
| Personal name | Maurice |
| Relator term | Editor |
| 9 (RLIN) | 88972 |
| 942 ## - ADDED ENTRY ELEMENTS (KOHA) | |
| Source of classification or shelving scheme | Dewey Decimal Classification |
| Item type | English Books |
| Classification part | 181.499 |
| Call number suffix | TAL |
| Withdrawn status | Lost status | Not for loan | Collection code | Home library | Current library | Date acquired | Source of acquisition | Cost, normal purchase price | Full call number | Barcode | Copy number | Cost, replacement price | Koha item type |
|---|---|---|---|---|---|---|---|---|---|---|---|---|---|
| Non-fiction | Sarojini Nagar | Sarojini Nagar | 21/04/2026 | Delivery of Books Act Division | 260.00 | 181.499 TAL | EN-131788 | 1 | 260.00 | English Books |
